| 000 | 00602cam a22001937a 4500 | ||
|---|---|---|---|
| 008 | 180718b2002 xxu||||| |||| 00| 0 eng d | ||
| 020 | _a078795912X | ||
| 082 | _aI513 C622 | ||
| 245 |
_aEnd of management and the rise of organizational democracy _cby Kenneth Cloke and Joan Goldsmith |
||
| 260 |
_aSan Francisco _bJossey-Bass _c2002 |
||
| 300 | _a310p. | ||
| 650 | _aDemocracy | ||
| 650 | _aManagement --Employee participation | ||
| 650 | _aSelf-directed work teams | ||
| 650 | _aEmployee empowerment | ||
| 650 | _aOrganizational change | ||
| 700 | _aGoldsmith, Joan | ||
| 700 | _aCloke, Kenneth | ||
| 999 |
_c399842 _d399842 |
||